Splatoon Battle Music - Statistics

General Stats
  • This quiz has been taken 17 times
  • The average score is 38 of 60
Answer Stats
Artist Song % Correct
Squid Squad Splattack!
100%
C-Side Splattack!
100%
C-Side Clickbait
89%
Squid Squad Now or Never!
89%
Squid Sisters Now or Never!
89%
Wet Floor Now or Never!
89%
Off the Hook Now or Never!
89%
C-Side Now or Never!
89%
Deep Cut Now or Never!
89%
H2Woah Aquasonic
78%
Damp Socks feat. Off the Hook Candy-Coated Rocks
78%
Off the Hook Ebb & Flow
78%
Squid Sisters Ink Me Up
78%
Squid Sisters feat. Ian BGM Liquid Sunshine
78%
Front Roe Sea Me Now
78%
Off the Hook VS Fire & Ice Suffer No Fools
78%
Deep Cut Till Depth Do Us Part
78%
Off the Hook Acid Hues
67%
SashiMori Amalgamania
67%
Deep Cut Big Betrayal
67%
Chirpy Chips (ABXY) Blitz It!
67%
Deep Cut Fins in the Air
67%
C-Side Headhammer
67%
Wet Floor Inkoming!
67%
Squid Squad Kraken Up
67%
Squid Squad Metalopod
67%
Off the Hook Muck Warfare
67%
Chirpy Chips (ABXY) No Quarters
67%
Yoko & the Gold Bazookas Rockagilly Blues
67%
Damp Socks feat. Off the Hook Tentacle to the Metal
67%
C-Side Triple Dip
67%
Chirpy Chips (ABXY) Wave Prism
67%
SashiMori Chopscrewey
56%
SashiMori Entropical
56%
Squid Squad Ink or Sink
56%
Diss-Pair Kinetosis
56%
Riot Act No Plan Survives
56%
C-Side Paintscraper
56%
H2Woah Ripstop & Go
56%
SashiMori Seasource
56%
Riot Act Shifting Stars
56%
Yoko & the Gold Bazookas Ska-BLAM
56%
Chirpy Chips (ABXY) Slopping Spree
56%
Chirpy Chips (ABXY) Split & Splat
56%
Yoko & the Gold Bazookas Three-Horn Circus
56%
Wet Floor Undertow
56%
Ink Theory Broken Coral
44%
Wet Floor Don’t Slip
44%
Wet Floor Endolphin Surge
44%
Hightide Era Hooked
44%
Ink Theory Riptide Rupture
44%
Front Roe Sandy Side Up
44%
Chirpy Chips (ABXY) Shellfie
44%
Bottom Feeders Shipwreckin’
44%
Bottom Feeders Fins & Fiddles
33%
Bottom Feeders Seafoam Shanty
33%
Diss-Pair Seasick
33%
Hightide Era Sucker Punch
33%
Wet Floor Rip Entry
22%
Squid Squad Seaskape
22%
No matching quizzes found
Score Distribution
Percent of People with Each Score
Percentile by Number Answered
Your Score History
You have not taken this quiz